| 000 | 01120nam a2200313 i 4500 | ||
|---|---|---|---|
| 003 | EG-GICUC | ||
| 005 | 20260430105837.0 | ||
| 008 | 260430s1904 fr a|||f |||| 000 0 fre d | ||
| 040 |
_aEG-GiCUC _cEG-GiCUC _dEG-GiCUC _eRda _bfre |
||
| 041 | 0 | _afre | |
| 082 | 0 | 4 |
_221 _a343.84 _bLO . N |
| 092 | 0 | 4 | _221 |
| 099 | _aLaw1 10 343.84 LO . N 1904 1010958 C1 | ||
| 100 | 1 |
_aLombroso,Cesare _eAuteur |
|
| 245 | 1 | 2 |
_aL'anthropologie Criminelle Et SES Récents Progres / _cPar Cesare Lombroso |
| 250 |
_aCinquieme Edition, _bDevue Et Augmenter D'une Predale Nouvelle Avec 13 Figures Dans Le Texte. |
||
| 264 | 1 |
_aParis : _bFélix Alcan, Éditeur, _c1904. |
|
| 300 |
_a185 page : _billustration(photographies,graphiques,tableaux) ; _c24 cm. |
||
| 336 |
_2rda contenu _a texte |
||
| 337 |
_2rda medias _aOrdinateur |
||
| 338 |
_2 transporteur rda _a Ressource en ligne |
||
| 500 | _a | ||
| 546 | _aTexte en français | ||
| 650 | 1 | 4 | _aMédecine des maladies mentales et psychiques |
| 650 | 1 | 4 | _aDroit pénal |
| 856 | 4 | 0 | _uhttps://fll.law.cu.edu.eg/fulltext/bks/B10-10958.pdf |
| 905 | _a164 | ||
| 942 |
_2ddc _cBK _e21 _n0 |
||
| 999 |
_c74434 _d74434 |
||